Ancient Greek Alphabetical Symbols Quiz - Statistics

General Stats
  • This quiz has been taken 45 times
  • The average score is 9 of 24
Answer Stats
Answer % Correct
B
100%
A
97%
O
58%
T
56%
X
56%
H
53%
M
53%
Y
53%
K
50%
N
50%
Γ
19%
Δ
19%
Π
19%
Ε
17%
Ζ
17%
Θ
17%
Ι
17%
Λ
17%
Ξ
17%
Ρ
17%
Σ
17%
Φ
17%
Ω
17%
Ψ
14%
No matching quizzes found
Score Distribution
Percent of People with Each Score
Percentile by Number Answered
Your Score History
You have not taken this quiz